San Pedro Garza García : génesis de un municipio de vanguardia /

Bibliographic Details
Main Author: Barragán, Juan
Corporate Author: URBIS Internacional
Format: Book
Language:Spanish
Published: [Mexico] : URBIS Internacional, [between 1987 and 1993]
Subjects:

MARC

Tag First Indicator Second Indicator Subfields
LEADER 00000cam a2200000 a 4500
001 in00002274708
005 20151105100210.0
008 930412q19871993mx ab b 000 0 spa
010 |a  93139394  
035 |a (OCoLC)ocm28549251 
035 |a (OCoLC)28549251 
040 |a DLC  |c DLC  |d TXA  |d UtOrBLW 
043 |a n-mx--- 
049 |a TXAM 
050 0 0 |a F1391.G37  |b B37 1987 
100 1 |a Barragán, Juan. 
245 1 0 |a San Pedro Garza García :  |b génesis de un municipio de vanguardia /  |c URBIS, Barragán. 
264 1 |a [Mexico] :  |b URBIS Internacional,  |c [between 1987 and 1993] 
300 |a 168 pages, 6 unnumbered pages :  |b illustrations (some color), map ;  |c 34 cm. 
336 |a text  |b txt  |2 rdacontent 
337 |a unmediated  |b n  |2 rdamedia 
338 |a volume  |b nc  |2 rdacarrier 
504 |a Includes bibliographical references (page [174]). 
651 0 |a Garza García (Mexico)  |x History. 
650 0 |a Architecture  |z Mexico  |z Garza García. 
710 2 |a URBIS Internacional. 
994 |a C0  |b TXA 
948 |a cataloged  |b h  |c 2007/8/21  |d c  |e jlanham  |f 12:52:26 pm 
999 |a MARS 
999 f f |s c107e1bf-29eb-31cb-b99c-9dac44ed0937  |i 76154c39-dc75-3d53-a31c-c6615dc93280  |t 0 
952 f f |p normal  |a Texas A&M University  |b College Station  |c Sterling C. Evans Library  |d Evans: Library Stacks  |t 0  |e F1391.G37 B37 1987  |f Oversize  |h Library of Congress classification  |i unmediated -- volume  |m A14850225005 
998 f f |a F1391.G37 B37 1987  |t 0  |l Evans: Library Stacks